Factibilidad del uso de la inyección en Costa Rica para el recalce de cimentaciones en rellenos mal construidos
Enregistré dans:
| Auteur principal: | |
|---|---|
| Autres auteurs: | |
| Format: | Livre |
| Publié: |
[San José, Costa Rica]
2005
|
| Sujets: | |
| Tags: |
Ajouter un tag
Pas de tags, Soyez le premier à ajouter un tag!
|
MARC
| LEADER | 00000nam a2200000Ia 4500 | ||
|---|---|---|---|
| 003 | 009482 | ||
| 005 | 20230919153541.0 | ||
| 008 | 140114s2005 cr a m 000 ||s d | ||
| 040 | |c cr CEDI | ||
| 090 | |a TFG 5022 | ||
| 100 | |a Marín Villalobos, Natalia Raquel, 1982- |9 1554 | ||
| 245 | |a Factibilidad del uso de la inyección en Costa Rica para el recalce de cimentaciones en rellenos mal construidos | ||
| 260 | |a [San José, Costa Rica] |c 2005 | ||
| 300 | |a xix, 184 hojas : ilustraciones a color | ||
| 500 | |a Proyecto de graduación (licenciatura en ingeniería civil)--Universidad de Costa Rica. Facultad de Ingeniería. Escuela de Ingeniería Civil. | ||
| 501 | |a Director de Proyecto de Graduación: Ing. Luis Ángel Vargas Herrera | ||
| 650 | |x MEJORAMIENTO DE SUELOS |x COMPACTACION |x CIMENTACIONES |9 6110 | ||
| 700 | |9 1555 |a Vargas Herrera, Luis Ángel, 1974- |d Director del TFG | ||
| 942 | |c CEDI | ||
| 999 | |c 17401 |d 17401 | ||
